| 000 | 00880nam a2200253 i 4500 | ||
|---|---|---|---|
| 001 | 122123 | ||
| 003 | ES-MaACL | ||
| 005 | 20250430203733.0 | ||
| 007 | t| | ||
| 008 | 070214s1977 sp |||| | spa d | ||
| 020 | _a84-7030-265-5 | ||
| 080 | _a821.134.2 García Lorca, Federico 1.07 | ||
| 080 | _a74 García Lorca, Federico | ||
| 080 | _a821.134.2.09"19" | ||
| 100 | 1 |
_aPrieto, Gregorio. _993885 |
|
| 245 | 1 | 0 |
_aLorca y la generación del 27 / _cGregorio Prieto ; textos de Rafael Alberti ... [et al.]. |
| 260 |
_aMadrid : _bBiblioteca Nueva, _c1977. |
||
| 300 |
_a238 p., 47 lám. : _bil. ; _c24 cm. |
||
| 600 | 1 | 4 |
_aGarcía Lorca, Federico, _d1898-1936- _xCrítica e interpretación _954857 |
| 650 | 4 |
_aGeneración del 27 (Literatura) _913050 |
|
| 700 | 1 |
_aAlberti, Rafael, _d1902-1999 _9240174 |
|
| 852 | 4 |
_aES-MaACL _jA-8200 |
|
| 999 |
_c122123 _d122123 |
||